000 00339nam a22001337a 4500
008 181105b xxu||||| |||| 00| 0 eng d
020 _a9780072474770
041 _aeng
080 _a510
100 _a36
101 _aMAT
245 _aStudent solutions guide for Discrete Mathematics and its Applications
_cRosen, K.H
942 _2udc
_cBK
999 _c51898
_d51898